[Event "Final do 56Âº Campeonato Brasileiro Feminino 2016"]
[Site "Clube Xadrez Guanabara - Rio de Janeiro, RJ - Brazil"]
[Date "2017.02.16"]
[Round "1"]
[Board "1"]
[White "Librelato, Kathie Goulart"]
[Black "Ribeiro, Regina"]
[Result "1-0"]
[WhiteElo "1988"]
[BlackElo "1986"]
[PlyCount "51"]
[EventDate "2017.02.16"]
[EventRounds "9"]
[EventCountry "BRA"]

1. e4 c5 2. Nf3 d6 3. d4 cxd4 4. Nxd4 Nf6 5. Nc3 a6 6. Bg5 e6 7. f4 Nc6 8. Nxc6
bxc6 9. e5 h6 10. Bh4 g5 11. Bf2 Nd5 12. Ne4 dxe5 13. fxe5 Rb8 14. Bc4 Be7 15.
O-O Qc7 16. Bd4 Rh7 17. Qd3 Rg7 18. Nd6+ Kf8 19. Bxd5 cxd5 20. Qh3 Rh7 21. Qh5
Bxd6 22. exd6 Qxc2 23. Rac1 Qe4 24. Ba7 Ra8 25. Rc7 Rxa7 26. Rfxf7+ 1-0

[Event "Final do 56Âº Campeonato Brasileiro Feminino 2016"]
[Site "Clube Xadrez Guanabara - Rio de Janeiro, RJ - Brazil"]
[Date "2017.02.16"]
[Round "1"]
[Board "2"]
[White "Rothebarth, Ana Vitoria De Pau"]
[Black "Terao, Juliana Sayumi"]
[Result "0-1"]
[WhiteElo "2039"]
[BlackElo "2290"]
[PlyCount "98"]
[EventDate "2017.02.16"]
[EventRounds "9"]
[EventCountry "BRA"]

1. e4 c5 2. Nf3 e6 3. b3 b6 4. Bd3 Bb7 5. O-O Nc6 6. Re1 d6 7. Bb5 a6 8. Bxc6+
Bxc6 9. d4 cxd4 10. Nxd4 Bb7 11. c4 Nf6 12. Nc3 Be7 13. Bb2 O-O 14. Qd3 Qc7 15.
Qg3 Rac8 16. Rad1 Rfe8 17. Re2 g6 18. Qf3 Nd7 19. Nc2 Bf6 20. Red2 Be5 21. Nd4
Nc5 22. Qg4 Nxe4 23. Nxe4 f5 24. Qg5 Bxe4 25. Re2 Qf7 26. f3 Bb7 27. Qd2 Bg7
28. Rde1 e5 29. Nc2 Red8 30. Nb4 Bf8 31. Nd3 b5 32. Qe3 f4 33. Qb6 bxc4 34.
bxc4 Rb8 35. Qa5 Qxc4 36. Rd2 Qb5 37. Qxb5 axb5 38. Red1 Rdc8 39. Nf2 Ra8 40.
Ba1 Rc4 41. Rb1 Bc6 42. Nd3 g5 43. Nb4 Be8 44. Nd5 Bg6 45. Rbd1 Ra6 46. Kf2 b4
47. Nf6+ Kf7 48. Nd5 Bc2 49. Re1 Rxa2 0-1

[Event "Final do 56Âº Campeonato Brasileiro Feminino 2016"]
[Site "Clube Xadrez Guanabara - Rio de Janeiro, RJ - Brazil"]
[Date "2017.02.16"]
[Round "1"]
[Board "3"]
[White "Viaro Baccarin, Natalia"]
[Black "Medeiros, Thauane Ferreira"]
[Result "0-1"]
[WhiteElo "1946"]
[BlackElo "1972"]
[PlyCount "88"]
[EventDate "2017.02.16"]
[EventRounds "9"]
[EventCountry "BRA"]

1. e4 e5 2. Nf3 Nc6 3. Bb5 a6 4. Ba4 Nf6 5. Qe2 b5 6. Bb3 Be7 7. O-O O-O 8. c3
d6 9. Rd1 Na5 10. Bc2 c5 11. d4 Qc7 12. d5 Nc4 13. a4 Bd7 14. Bd3 Na5 15. axb5
c4 16. Bc2 axb5 17. Nbd2 Nb7 18. Rxa8 Rxa8 19. Nf1 Nc5 20. h3 Ra1 21. g4 Qc8
22. Ng3 Ne8 23. Nf5 Bxf5 24. gxf5 Bf6 25. Nh2 Qd8 26. Qg4 Qa5 27. Nf1 b4 28.
Bd2 b3 29. Rxa1 Qxa1 30. Qd1 Qxb2 31. Bb1 Na4 32. Ne3 Nxc3 33. Bxc3 Qxc3 34.
Qf1 Bh4 35. Nxc4 Qd4 36. Na5 Qb6 37. Nc4 Qc5 38. Kg2 Nf6 39. Nd2 Nh5 40. Nxb3
Nf4+ 41. Kh2 Qb4 42. Qc1 h6 43. Qc8+ Kh7 44. Qc2 Qe1 0-1

[Event "Final do 56Âº Campeonato Brasileiro Feminino 2016"]
[Site "Clube Xadrez Guanabara - Rio de Janeiro, RJ - Brazil"]
[Date "2017.02.16"]
[Round "1"]
[Board "4"]
[White "Alboredo, Julia"]
[Black "Heinrichs, Vivian"]
[Result "0-1"]
[WhiteElo "2080"]
[BlackElo "1985"]
[PlyCount "96"]
[EventDate "2017.02.16"]
[EventRounds "9"]
[EventCountry "BRA"]

1. e4 c5 2. Nf3 e6 3. d4 cxd4 4. Nxd4 a6 5. Bd3 Nf6 6. O-O Qc7 7. Qe2 d6 8. c4
g6 9. Nc3 Bg7 10. Nf3 O-O 11. Rd1 Nc6 12. h3 Nd7 13. Bf4 Bxc3 14. bxc3 f6 15.
Nh2 e5 16. Be3 Nc5 17. Nf1 Na5 18. Bh6 Rd8 19. Ne3 Be6 20. Nd5 Bxd5 21. cxd5 b5
22. Rac1 Rac8 23. h4 Qf7 24. Qg4 Nxd3 25. Rxd3 Rc4 26. Rf3 Nb7 27. h5 f5 28.
Qg5 Rxe4 29. Rg3 Rg4 30. Rxg4 fxg4 31. c4 b4 32. hxg6 Qxg6 33. Qh4 Rc8 34. Bd2
a5 35. Qe7 Qf7 36. Qg5+ Qg7 37. Qf5 Re8 38. Be3 g3 39. c5 dxc5 40. Rc4 e4 41.
fxg3 Nd6 42. Qh5 Re5 43. Qe2 Nxc4 44. Qxc4 Qxg3 45. d6+ Kg7 46. Bf2 Qd3 47. Qc1
Qxd6 48. Qb2 Kf8 0-1

[Event "Final do 56Âº Campeonato Brasileiro Feminino 2016"]
[Site "Clube Xadrez Guanabara - Rio de Janeiro, RJ - Brazil"]
[Date "2017.02.16"]
[Round "1"]
[Board "5"]
[White "Coelho, Tatiane Cristina"]
[Black "Feliciano Ebert, Vanessa"]
[Result "0-1"]
[WhiteElo "1776"]
[BlackElo "2200"]
[PlyCount "72"]
[EventDate "2017.02.16"]
[EventRounds "9"]
[EventCountry "BRA"]

1. e4 c5 2. Nc3 Nc6 3. g3 g6 4. Bg2 Bg7 5. d3 d6 6. Be3 Rb8 7. Qd2 b5 8. Rb1 e6
9. f4 Nge7 10. Nf3 O-O 11. O-O Nd4 12. Nh4 f5 13. Ne2 Bd7 14. Bxd4 cxd4 15. Qb4
a5 16. Qd2 Bc6 17. Rbe1 Rc8 18. Kh1 Qc7 19. Nf3 e5 20. Ng5 Bd7 21. Rc1 h6 22.
Nf3 Bc6 23. c3 dxc3 24. Nxc3 Qb7 25. fxe5 dxe5 26. exf5 gxf5 27. Qe2 b4 28. Nb1
e4 29. Nh4 Qd7 30. dxe4 Bb5 31. Qe3 Bxf1 32. Rxf1 fxe4 33. Re1 Qd4 34. Qb3+ Qc4
35. Qa4 Nc6 36. Bxe4 Rf1+ 0-1

[Event "Final do 56Âº Campeonato Brasileiro Feminino 2016"]
[Site "Clube Xadrez Guanabara - Rio de Janeiro, RJ - Brazil"]
[Date "2017.02.17"]
[Round "2"]
[Board "1"]
[White "Ribeiro, Regina"]
[Black "Feliciano Ebert, Vanessa"]
[Result "0-1"]
[WhiteElo "1986"]
[BlackElo "2200"]
[PlyCount "46"]
[EventDate "2017.02.16"]
[EventRounds "9"]
[EventCountry "BRA"]

1. Nf3 Nf6 2. g3 g6 3. Bg2 Bg7 4. c4 O-O 5. O-O d6 6. d4 Nbd7 7. Qc2 e5 8. Rd1
Re8 9. Nc3 exd4 10. Nb5 Nc5 11. Nbxd4 Qe7 12. h3 c6 13. Be3 Nce4 14. Bg5 Nxg5
15. Nxg5 h6 16. Ngf3 Ne4 17. Qc1 Bd7 18. a4 c5 19. Nb3 Nxf2 20. Kxf2 Qxe2+ 21.
Kg1 Bxh3 22. Bxh3 Qxf3 23. Qc2 Re2 0-1

[Event "Final do 56Âº Campeonato Brasileiro Feminino 2016"]
[Site "Clube Xadrez Guanabara - Rio de Janeiro, RJ - Brazil"]
[Date "2017.02.17"]
[Round "2"]
[Board "2"]
[White "Heinrichs, Vivian"]
[Black "Coelho, Tatiane Cristina"]
[Result "0-1"]
[WhiteElo "1985"]
[BlackElo "1776"]
[PlyCount "128"]
[EventDate "2017.02.16"]
[EventRounds "9"]
[EventCountry "BRA"]

1. e4 e5 2. Nf3 Nc6 3. d4 exd4 4. Nxd4 Bb4+ 5. c3 Bc5 6. Be3 Bb6 7. Be2 Nf6 8.
Bf3 Ne5 9. Nd2 Nd3+ 10. Ke2 Ne5 11. h3 d5 12. Qc2 O-O 13. Rae1 c5 14. N4b3 d4
15. cxd4 cxd4 16. Bxd4 Bxd4 17. Kf1 Qb6 18. Nxd4 Qxd4 19. Re3 Be6 20. Nb3 Qc4+
21. Qxc4 Bxc4+ 22. Kg1 Nxf3+ 23. gxf3 Rad8 24. Kg2 Rd3 25. Rhe1 Rfd8 26. Nc1
Rxe3 27. Rxe3 h6 28. Rc3 Be6 29. Nd3 Nh5 30. Nb4 Nf4+ 31. Kh2 Nxh3 32. Kg3 Ng5
33. Rc7 Rd7 34. Rc8+ Kh7 35. Rc3 Rd4 36. a3 a5 37. Nd3 Rc4 38. Rb3 Rc7 39. Rb6
Bc4 40. Ne5 Be2 41. Kf4 f6 42. Ke3 Bd1 43. f4 Nf7 44. Nxf7 Rxf7 45. e5 fxe5 46.
fxe5 h5 47. f4 h4 48. e6 Re7 49. f5 Bc2 50. Kf4 h3 51. f6 gxf6 52. Rb5 Kg6 53.
Kg3 Bf5 54. Rxa5 Rxe6 55. Ra4 Re2 56. Rh4 Rxb2 57. a4 Kg5 58. Rh8 Rb3+ 59. Kf2
Rb2+ 60. Kg3 Rg2+ 61. Kf3 Bg4+ 62. Ke3 h2 63. a5 Bh5 64. Rg8+ Kf5 0-1

[Event "Final do 56Âº Campeonato Brasileiro Feminino 2016"]
[Site "Clube Xadrez Guanabara - Rio de Janeiro, RJ - Brazil"]
[Date "2017.02.17"]
[Round "2"]
[Board "3"]
[White "Medeiros, Thauane Ferreira"]
[Black "Alboredo, Julia"]
[Result "1/2-1/2"]
[WhiteElo "1972"]
[BlackElo "2080"]
[PlyCount "89"]
[EventDate "2017.02.16"]
[EventRounds "9"]
[EventCountry "BRA"]

1. d4 d5 2. c4 dxc4 3. Nf3 Nf6 4. Qc2 Nc6 5. e3 e6 6. a3 b5 7. b3 Na5 8. Nbd2
Bd7 9. bxc4 bxc4 10. Nxc4 Nxc4 11. Bxc4 Be7 12. O-O O-O 13. Rd1 Qe8 14. Qd3 Bc6
15. Ne5 Be4 16. Qe2 Nd5 17. Bd2 Nb6 18. Bb5 c6 19. Bd3 Bxd3 20. Nxd3 Na4 21.
Rdc1 Rc8 22. Bb4 Nb6 23. Bxe7 Qxe7 24. a4 Nd7 25. Nc5 Nxc5 26. Rxc5 Qb7 27. Qc2
Rc7 28. Rb1 Qa6 29. a5 h6 30. h3 Rd8 31. Rb4 Rcc8 32. Qc4 Qxc4 33. Rbxc4 Rd5
34. Rb4 Rxc5 35. dxc5 Rd8 36. Rb7 Rd1+ 37. Kh2 Rc1 38. Rxa7 Rxc5 39. a6 Ra5 40.
Ra8+ Kh7 41. Kg3 Ra4 42. Kf3 c5 43. e4 Ra3+ 44. Ke2 Ra2+ 45. Ke3 1/2-1/2

[Event "Final do 56Âº Campeonato Brasileiro Feminino 2016"]
[Site "Clube Xadrez Guanabara - Rio de Janeiro, RJ - Brazil"]
[Date "2017.02.17"]
[Round "2"]
[Board "4"]
[White "Terao, Juliana Sayumi"]
[Black "Viaro Baccarin, Natalia"]
[Result "1-0"]
[WhiteElo "2290"]
[BlackElo "1946"]
[PlyCount "55"]
[EventDate "2017.02.16"]
[EventRounds "9"]
[EventCountry "BRA"]

1. e4 c5 2. Nf3 e6 3. d4 cxd4 4. Nxd4 Nc6 5. Nc3 Qc7 6. Be2 a6 7. Be3 Nf6 8.
O-O Bb4 9. Nxc6 Bxc3 10. bxc3 Qxc6 11. Bd4 O-O 12. Bd3 b5 13. Re1 Bb7 14. Re3
Ne8 15. Rh3 f5 16. f3 d5 17. exf5 exf5 18. Qe1 Nc7 19. Qh4 h6 20. Rg3 g5 21. f4
g4 22. Rxg4+ fxg4 23. Qxg4+ Kf7 24. Qg7+ Ke8 25. Bg6+ Kd8 26. Qxf8+ Kd7 27.
Bf5+ Ne6 28. Qf7+ 1-0

[Event "Final do 56Âº Campeonato Brasileiro Feminino 2016"]
[Site "Clube Xadrez Guanabara - Rio de Janeiro, RJ - Brazil"]
[Date "2017.02.17"]
[Round "2"]
[Board "5"]
[White "Librelato, Kathie Goulart"]
[Black "Rothebarth, Ana Vitoria De Pau"]
[Result "1/2-1/2"]
[WhiteElo "1988"]
[BlackElo "2039"]
[PlyCount "92"]
[EventDate "2017.02.16"]
[EventRounds "9"]
[EventCountry "BRA"]

1. e4 e5 2. Nf3 Nc6 3. Bb5 Nf6 4. O-O Nxe4 5. Re1 Nd6 6. Nxe5 Be7 7. Bf1 Nxe5
8. Rxe5 O-O 9. Nc3 Bf6 10. Re1 c6 11. d4 Re8 12. Bf4 Rxe1 13. Qxe1 Nf5 14. d5
d6 15. dxc6 bxc6 16. Rd1 d5 17. Na4 Bd7 18. Nc5 Be8 19. Ba6 Be7 20. b4 Bd6 21.
Nb7 Qb6 22. Nxd6 Nxd6 23. Bd3 Qd8 24. Qe5 Nc8 25. Re1 Nb6 26. Qh5 g6 27. Qh6 f6
28. Be3 d4 29. Bd2 Bf7 30. h4 Nc4 31. Bf4 Qf8 32. Qxf8+ Kxf8 33. Bh6+ Kg8 34.
Re7 Bd5 35. Bf4 a5 36. Rb7 axb4 37. Rxb4 Ne5 38. a4 Nxd3 39. cxd3 c5 40. Rb8+
Rxb8 41. Bxb8 c4 42. dxc4 Bxc4 43. Ba7 d3 44. Be3 Kf7 45. Bd2 Ke6 46. f3 Kd5
 1/2-1/2

[Event "Final do 56Âº Campeonato Brasileiro Feminino 2016"]
[Site "Clube Xadrez Guanabara - Rio de Janeiro, RJ - Brazil"]
[Date "2017.02.17"]
[Round "3"]
[Board "1"]
[White "Rothebarth, Ana Vitoria De Pau"]
[Black "Ribeiro, Regina"]
[Result "1/2-1/2"]
[WhiteElo "2039"]
[BlackElo "1986"]
[PlyCount "79"]
[EventDate "2017.02.16"]
[EventRounds "9"]
[EventCountry "BRA"]

1. e4 c6 2. c4 g6 3. Nc3 Bg7 4. d4 d6 5. Be3 Nf6 6. h3 Nbd7 7. Nf3 e5 8. dxe5
dxe5 9. Be2 O-O 10. O-O Qc7 11. Qd2 Nh5 12. Rfd1 Re8 13. b4 Nf4 14. Bf1 Nf8 15.
Bc5 f6 16. b5 Qf7 17. Be3 g5 18. c5 Be6 19. Qb2 g4 20. Bxf4 gxf3 21. Bg3 fxg2
22. Bxg2 Nd7 23. bxc6 bxc6 24. Qa3 Bf8 25. Na4 Nb6 26. Rdc1 Red8 27. Rc2 Qb7
28. Nxb6 axb6 29. Qf3 Be7 30. cxb6 Qxb6 31. Rac1 Ra3 32. Rxc6 Qd4 33. R1c3 Rxc3
34. Rxc3 Bxa2 35. Qg4+ Kh8 36. Rc8 Rxc8 37. Qxc8+ Qd8 38. Qc2 Be6 39. Kh2 Qd7
40. Qe2 1/2-1/2

[Event "Final do 56Âº Campeonato Brasileiro Feminino 2016"]
[Site "Clube Xadrez Guanabara - Rio de Janeiro, RJ - Brazil"]
[Date "2017.02.17"]
[Round "3"]
[Board "2"]
[White "Viaro Baccarin, Natalia"]
[Black "Librelato, Kathie Goulart"]
[Result "1-0"]
[WhiteElo "1946"]
[BlackElo "1988"]
[PlyCount "93"]
[EventDate "2017.02.16"]
[EventRounds "9"]
[EventCountry "BRA"]

1. e4 e5 2. Nf3 Nf6 3. Nxe5 d6 4. Nf3 Nxe4 5. Nc3 Nxc3 6. dxc3 Be7 7. Be3 Nc6
8. Qd2 Be6 9. Nd4 Nxd4 10. cxd4 O-O 11. d5 Bf5 12. O-O-O c6 13. Bd3 Bxd3 14.
Qxd3 c5 15. h4 b5 16. g4 a5 17. g5 a4 18. Qxb5 a3 19. b3 Qc7 20. Qc4 Rab8 21.
Bd2 Qa7 22. Bc3 Bd8 23. Qf4 Qa6 24. Bf6 Rb4 25. c4 Rb7 26. h5 Qa5 27. Ba1 Be7
28. Rd3 Qd8 29. Rg3 f6 30. g6 h6 31. Qf5 Qd7 32. Rf3 Bd8 33. Bc3 Re8 34. Qxd7
Rxd7 35. Re1 Rxe1+ 36. Bxe1 Re7 37. Re3 Kf8 38. Rxe7 Kxe7 39. f4 f5 40. Bh4+
Kd7 41. Bxd8 Kxd8 42. Kc2 Kc7 43. Kc3 Kb7 44. b4 cxb4+ 45. Kxb4 Kb6 46. Kxa3
Kc5 47. Kb3 1-0

[Event "Final do 56Âº Campeonato Brasileiro Feminino 2016"]
[Site "Clube Xadrez Guanabara - Rio de Janeiro, RJ - Brazil"]
[Date "2017.02.17"]
[Round "3"]
[Board "3"]
[White "Alboredo, Julia"]
[Black "Terao, Juliana Sayumi"]
[Result "0-1"]
[WhiteElo "2080"]
[BlackElo "2290"]
[PlyCount "52"]
[EventDate "2017.02.16"]
[EventRounds "9"]
[EventCountry "BRA"]

1. e4 c5 2. Nf3 e6 3. d4 cxd4 4. Nxd4 Nc6 5. Nc3 a6 6. Nxc6 bxc6 7. Bd3 d5 8.
O-O Qc7 9. Qe2 Bb7 10. f4 Bc5+ 11. Kh1 Ne7 12. Na4 Ba7 13. c4 dxe4 14. Bxe4 O-O
15. Be3 a5 16. Rad1 h6 17. Bxa7 Rxa7 18. Nc5 Bc8 19. Qd3 f5 20. Bf3 e5 21. fxe5
Qxe5 22. Qd6 Qxb2 23. Rb1 Qa3 24. Rb3 Qxa2 25. Qb8 a4 26. Rb2 Qxc4 0-1

[Event "Final do 56Âº Campeonato Brasileiro Feminino 2016"]
[Site "Clube Xadrez Guanabara - Rio de Janeiro, RJ - Brazil"]
[Date "2017.02.17"]
[Round "3"]
[Board "4"]
[White "Coelho, Tatiane Cristina"]
[Black "Medeiros, Thauane Ferreira"]
[Result "0-1"]
[WhiteElo "1776"]
[BlackElo "1972"]
[PlyCount "138"]
[EventDate "2017.02.16"]
[EventRounds "9"]
[EventCountry "BRA"]

1. e4 e5 2. Nf3 Nc6 3. Bc4 Bc5 4. d3 Nf6 5. c3 a6 6. Bb3 d6 7. O-O Ba7 8. h3 h6
9. Re1 O-O 10. Be3 Bxe3 11. Rxe3 Re8 12. Nbd2 Na5 13. Bc2 c5 14. Nf1 Nc6 15.
Ng3 b5 16. d4 Qc7 17. Qd2 Bd7 18. Rd1 Rac8 19. Bb1 Na5 20. Ree1 Nc4 21. Qe2
cxd4 22. cxd4 Qa5 23. Rc1 Qb4 24. b3 Na3 25. Rxc8 Bxc8 26. dxe5 dxe5 27. Bd3
Qd6 28. Rd1 Qb6 29. Qb2 Qc5 30. Rc1 Qd6 31. Be2 b4 32. Rd1 Qc5 33. Qd2 Nb5 34.
Bxb5 Qxb5 35. Nh4 a5 36. Nhf5 Bxf5 37. exf5 e4 38. Qd4 Qe5 39. Qxe5 Rxe5 40.
Kf1 Kf8 41. Rd4 e3 42. fxe3 Rxe3 43. Ne2 Re5 44. g4 Rc5 45. Rc4 Rxc4 46. bxc4
Ne4 47. Ke1 Ke7 48. Nd4 Kd6 49. h4 a4 50. Nc2 Kc5 51. Ne3 Nc3 52. Kd2 Nxa2 53.
g5 hxg5 54. hxg5 Nc3 55. g6 fxg6 56. fxg6 Ne4+ 57. Kc2 Nd6 58. Kb1 Nxc4 59. Nf5
Ne5 60. Nxg7 Nxg6 61. Ne6+ Kc4 62. Ng5 Ne5 63. Ne4 Nf3 64. Nd6+ Kb3 65. Ne4 a3
66. Nc5+ Kc4 67. Na4 b3 68. Ka1 Nd4 69. Nb6+ Kb5 0-1

[Event "Final do 56Âº Campeonato Brasileiro Feminino 2016"]
[Site "Clube Xadrez Guanabara - Rio de Janeiro, RJ - Brazil"]
[Date "2017.02.17"]
[Round "3"]
[Board "5"]
[White "Feliciano Ebert, Vanessa"]
[Black "Heinrichs, Vivian"]
[Result "1/2-1/2"]
[WhiteElo "2200"]
[BlackElo "1985"]
[PlyCount "29"]
[EventDate "2017.02.16"]
[EventRounds "9"]
[EventCountry "BRA"]

1. e4 c6 2. Nf3 d5 3. Nc3 g6 4. d4 Bg7 5. e5 Bg4 6. Be2 Bxf3 7. Bxf3 e6 8. O-O
Ne7 9. Ne2 c5 10. c3 O-O 11. Bf4 Nbc6 12. Qd2 Nf5 13. Bg5 f6 14. exf6 Bxf6 15.
Be3 1/2-1/2

[Event "Final do 56Âº Campeonato Brasileiro Feminino 2016"]
[Site "Clube Xadrez Guanabara - Rio de Janeiro, RJ - Brazil"]
[Date "2017.02.18"]
[Round "4"]
[Board "1"]
[White "Ribeiro, Regina"]
[Black "Heinrichs, Vivian"]
[Result "1/2-1/2"]
[WhiteElo "1986"]
[BlackElo "1985"]
[PlyCount "79"]
[EventDate "2017.02.16"]
[EventRounds "9"]
[EventCountry "BRA"]

1. Nf3 d5 2. g3 c6 3. Bg2 Bg4 4. Ne5 Bf5 5. d4 Nd7 6. Nd3 Ngf6 7. O-O e6 8. Nd2
Be7 9. c4 O-O 10. b3 a5 11. Bb2 b5 12. Ne5 Rc8 13. Rc1 bxc4 14. bxc4 Nxe5 15.
dxe5 Nd7 16. e4 dxe4 17. Nxe4 Bxe4 18. Bxe4 Qc7 19. f4 Qb6+ 20. Bd4 Bc5 21.
Bxc5 Qxc5+ 22. Kg2 Rfd8 23. Qc2 g6 24. Rfd1 Nb8 25. Qf2 Qa3 26. Kh3 h5 27. Qb6
Nd7 28. Qb3 Qf8 29. Qf3 Nb8 30. Rxd8 Qxd8 31. Rd1 Qb6 32. Rd6 Qb4 33. Qd3 Kg7
34. Rd8 Qb7 35. Qd6 Rxd8 36. Qxd8 Qa7 37. c5 Nd7 38. Qe7 Qb7 39. Qd6 Nb8 40.
Qd8 1/2-1/2

[Event "Final do 56Âº Campeonato Brasileiro Feminino 2016"]
[Site "Clube Xadrez Guanabara - Rio de Janeiro, RJ - Brazil"]
[Date "2017.02.18"]
[Round "4"]
[Board "2"]
[White "Medeiros, Thauane Ferreira"]
[Black "Feliciano Ebert, Vanessa"]
[Result "0-1"]
[WhiteElo "1972"]
[BlackElo "2200"]
[PlyCount "92"]
[EventDate "2017.02.16"]
[EventRounds "9"]
[EventCountry "BRA"]

1. d4 Nf6 2. c4 g6 3. Nc3 Bg7 4. e4 d6 5. Be2 O-O 6. Nf3 e5 7. O-O Nc6 8. d5
Ne7 9. Ne1 Nd7 10. Nd3 f5 11. f3 f4 12. Bd2 h5 13. Rc1 g5 14. c5 Nf6 15. Nb5
Ne8 16. Ba5 b6 17. cxd6 cxd6 18. Bb4 a6 19. Na3 Rf7 20. Be1 Nf6 21. Nb4 b5 22.
Qb3 Ng6 23. Bf2 g4 24. Rc6 g3 25. Bb6 gxh2+ 26. Kh1 Qf8 27. Rfc1 h4 28. Rc7
Rxc7 29. Rxc7 Ne8 30. Rc1 Qf6 31. Qc2 Bd7 32. Qd2 Qg5 33. Bf1 Bf6 34. Bf2 Bd8
35. Nc6 Bf6 36. Nb4 Qh5 37. Qe2 Qh7 38. Nac2 Ng7 39. Ne1 Nh5 40. Rc7 Ng3+ 41.
Bxg3 fxg3 42. Nbd3 Bg5 43. Qc2 Nf8 44. Be2 Qh6 45. b3 Bd8 46. Rc3 Qe3 0-1

[Event "Final do 56Âº Campeonato Brasileiro Feminino 2016"]
[Site "Clube Xadrez Guanabara - Rio de Janeiro, RJ - Brazil"]
[Date "2017.02.18"]
[Round "4"]
[Board "3"]
[White "Terao, Juliana Sayumi"]
[Black "Coelho, Tatiane Cristina"]
[Result "1-0"]
[WhiteElo "2290"]
[BlackElo "1776"]
[PlyCount "67"]
[EventDate "2017.02.16"]
[EventRounds "9"]
[EventCountry "BRA"]

1. e4 e5 2. Nf3 Nc6 3. Bb5 a6 4. Ba4 Nf6 5. d3 d6 6. c3 g6 7. O-O Bg7 8. d4 b5
9. Bb3 O-O 10. h3 exd4 11. cxd4 Bb7 12. Re1 h6 13. Bd2 Re8 14. Qc2 Nd7 15. e5
Nf8 16. Na3 dxe5 17. dxe5 Ne6 18. Qc1 Ncd4 19. Nxd4 Nxd4 20. e6 Nxb3 21. exf7+
Kxf7 22. axb3 Rxe1+ 23. Bxe1 Rc8 24. Nc2 Qd5 25. Qf4+ Kg8 26. Ne3 Qxb3 27. Rd1
Qxb2 28. Ng4 h5 29. Nh6+ Kh7 30. Rd7 Qb1 31. Re7 Qb2 32. Kh2 Bc6 33. Nf5 Rf8
34. Qh6+ 1-0

[Event "Final do 56Âº Campeonato Brasileiro Feminino 2016"]
[Site "Clube Xadrez Guanabara - Rio de Janeiro, RJ - Brazil"]
[Date "2017.02.18"]
[Round "4"]
[Board "4"]
[White "Librelato, Kathie Goulart"]
[Black "Alboredo, Julia"]
[Result "1-0"]
[WhiteElo "1988"]
[BlackElo "2080"]
[PlyCount "137"]
[EventDate "2017.02.16"]
[EventRounds "9"]
[EventCountry "BRA"]

1. c4 e5 2. g3 Nf6 3. Bg2 d5 4. cxd5 Nxd5 5. Nc3 Nb6 6. Nf3 Nc6 7. O-O Be7 8.
b3 O-O 9. Bb2 Re8 10. Rc1 Bf8 11. d3 a6 12. a3 Nd4 13. Nd2 c6 14. e3 Nb5 15.
Ndb1 Bf5 16. Ne4 Nd7 17. Qc2 Be6 18. b4 Nc7 19. Nbd2 Bd5 20. Nc4 Nb5 21. a4
Bxe4 22. Bxe4 Nd6 23. Nxd6 Bxd6 24. b5 axb5 25. axb5 cxb5 26. d4 h6 27. Rfd1
Qb8 28. Bh7+ Kh8 29. Bf5 Nb6 30. Qb3 Nc4 31. Bc3 exd4 32. Bxd4 Be5 33. Qxb5
Bxd4 34. Qxc4 Bb2 35. Rb1 Qe5 36. Rd5 Qf6 37. Bd7 Red8 38. Rf5 Qd6 39. Bb5 Ra1
40. Rxa1 Bxa1 41. Qxf7 Qd1+ 42. Kg2 Qg4 43. Qe6 Qb4 44. Be2 Qd6 45. Qf7 Bf6 46.
Bf3 b6 47. Rd5 Qf8 48. Qxf8+ Rxf8 49. Rd7 Rb8 50. Bd5 b5 51. e4 b4 52. Bb3 Re8
53. f3 Rc8 54. Rb7 Bc3 55. f4 Kh7 56. Kf3 Ra8 57. Kg4 Ra3 58. Bd5 Kg6 59. Bf7+
Kh7 60. h4 Be1 61. Kf5 Ra8 62. h5 Bxg3 63. Rxb4 Rf8 64. Rb7 Bh4 65. e5 Bg3 66.
Ke4 Bh4 67. f5 Ra8 68. e6 Rf8 69. Bg6+ 1-0

[Event "Final do 56Âº Campeonato Brasileiro Feminino 2016"]
[Site "Clube Xadrez Guanabara - Rio de Janeiro, RJ - Brazil"]
[Date "2017.02.18"]
[Round "4"]
[Board "5"]
[White "Rothebarth, Ana Vitoria De Pau"]
[Black "Viaro Baccarin, Natalia"]
[Result "1-0"]
[WhiteElo "2039"]
[BlackElo "1946"]
[PlyCount "77"]
[EventDate "2017.02.16"]
[EventRounds "9"]
[EventCountry "BRA"]

1. e4 c5 2. Nf3 e6 3. b3 a6 4. Bb2 Nc6 5. c4 Nf6 6. Qe2 Be7 7. e5 Ng4 8. g3 Qc7
9. Bg2 O-O 10. O-O Nh6 11. d4 cxd4 12. Nxd4 Nxd4 13. Bxd4 Nf5 14. Bb2 d6 15.
Nd2 dxe5 16. Bxe5 Bd6 17. Bb2 Bd7 18. Ne4 Be5 19. Bxe5 Qxe5 20. Qh5 Qc7 21. g4
Nd4 22. Rae1 Qf4 23. Qg5 Qxg5 24. Nxg5 Bc6 25. Bxc6 Nxc6 26. Rd1 Rfd8 27. Ne4
Kf8 28. c5 Ke7 29. f4 Nb4 30. a3 Nc2 31. Rd6 Nxa3 32. Rb6 Rd7 33. Nd6 Rb8 34.
Ra1 Nb5 35. Nxb5 axb5 36. Ra7 b4 37. c6 Rd6 38. Rbxb7+ Rxb7 39. cxb7 1-0

[Event "Final do 56Âº Campeonato Brasileiro Feminino 2016"]
[Site "Clube Xadrez Guanabara - Rio de Janeiro, RJ - Brazil"]
[Date "2017.02.18"]
[Round "5"]
[Board "1"]
[White "Viaro Baccarin, Natalia"]
[Black "Ribeiro, Regina"]
[Result "0-1"]
[WhiteElo "1946"]
[BlackElo "1986"]
[PlyCount "74"]
[EventDate "2017.02.16"]
[EventRounds "9"]
[EventCountry "BRA"]

1. e4 c6 2. d4 g6 3. Nc3 Bg7 4. Bc4 b5 5. Bb3 b4 6. Qf3 e6 7. Nce2 d5 8. e5 Nd7
9. h4 c5 10. c3 Rb8 11. h5 bxc3 12. bxc3 Qa5 13. hxg6 hxg6 14. Rxh8 Bxh8 15.
Qh3 Bg7 16. Bc2 cxd4 17. Bxg6 Nxe5 18. Bh7 dxc3 19. Qg3 c2+ 20. Kf1 Kf8 21. a4
Rb1 22. Rxb1 cxb1=Q 23. Bxb1 Qxa4 24. Ba3+ Ne7 25. Ke1 Bf6 26. Qc3 Qc4 27. Qh3
Qh4 28. Qc3 Qc4 29. Qh3 Qh4 30. Qc3 Nc4 31. Bxe7+ Bxe7 32. Qb3 Nb6 33. Qa2 Qb4+
34. Kd1 Qa4+ 35. Qxa4 Nxa4 36. Nf3 Ba6 37. Bc2 Nb2+ {white timeout Fim do
tempo das brancas} 0-1

[Event "Final do 56Âº Campeonato Brasileiro Feminino 2016"]
[Site "Clube Xadrez Guanabara - Rio de Janeiro, RJ - Brazil"]
[Date "2017.02.18"]
[Round "5"]
[Board "2"]
[White "Alboredo, Julia"]
[Black "Rothebarth, Ana Vitoria De Pau"]
[Result "1/2-1/2"]
[WhiteElo "2080"]
[BlackElo "2039"]
[PlyCount "56"]
[EventDate "2017.02.16"]
[EventRounds "9"]
[EventCountry "BRA"]

1. e4 e5 2. Nf3 Nc6 3. Bc4 Bc5 4. c3 Nf6 5. d3 a6 6. a4 d6 7. O-O Ba7 8. Na3 h6
9. Nc2 O-O 10. Be3 Ne7 11. Qd2 Ng4 12. Bxa7 Rxa7 13. Rfe1 Ng6 14. h3 Nf6 15. d4
Ra8 16. Rad1 Qe8 17. a5 Be6 18. Bxe6 Qxe6 19. d5 Qd7 20. c4 Nh5 21. Ne3 Ne7 22.
Nh4 Kh7 23. Nef5 Nf4 24. Kh2 Nxf5 25. Nxf5 g6 26. Ng3 h5 27. Ne2 Nxe2 28. Rxe2
f5 1/2-1/2

[Event "Final do 56Âº Campeonato Brasileiro Feminino 2016"]
[Site "Clube Xadrez Guanabara - Rio de Janeiro, RJ - Brazil"]
[Date "2017.02.18"]
[Round "5"]
[Board "3"]
[White "Coelho, Tatiane Cristina"]
[Black "Librelato, Kathie Goulart"]
[Result "1-0"]
[WhiteElo "1776"]
[BlackElo "1988"]
[PlyCount "71"]
[EventDate "2017.02.16"]
[EventRounds "9"]
[EventCountry "BRA"]

1. e4 e5 2. Nf3 Nc6 3. Bc4 Nf6 4. d3 Bc5 5. c3 d6 6. Nbd2 a6 7. Bb3 O-O 8. O-O
b5 9. h3 Bb7 10. Re1 h6 11. Nf1 Re8 12. a3 Bb6 13. Ba2 Qd7 14. Be3 Bxe3 15.
Nxe3 Ne7 16. Qb3 Ng6 17. Qc2 Rad8 18. Rad1 c5 19. c4 Nh5 20. b4 Rc8 21. Kh2
Nhf4 22. Nf5 d5 23. g3 Nh5 24. g4 Nhf4 25. exd5 cxb4 26. Qd2 bxa3 27. Nxe5 Rxe5
28. Rxe5 Nxe5 29. Qxf4 f6 30. c5 Rxc5 31. d4 Ng6 32. d6+ Kh8 33. Qe3 Rxf5 34.
gxf5 Qxd6+ 35. Kg1 Nf4 36. Qe8+ 1-0